000
00346nam a2200157Ia 4500
100
_a
Tyagi/M.S
650
_a
Semiconductor
942
_c
BK
366
_f
25
245
_a
Introduction to semiconductor materials and devices
260
_b
Wiley India
_c
2005
082
_b
TYA
300
_a
669
546
_a
ENGLISH
_c
PAMPHALETS
999
_c
23742
_d
23742